The history of India, as told by its own historians :Vol.VIII (Record no. 70912)
[ view plain ]
| 000 -LEADER | |
|---|---|
| fixed length control field | 00718mam a2200241 a 4500 |
| 001 - CONTROL NUMBER | |
| control field | 3331678 |
| 003 - CONTROL NUMBER IDENTIFIER | |
| control field | NUST - PNEC |
| 005 - DATE AND TIME OF LATEST TRANSACTION | |
| control field | 20170116181150.0 |
| 008 - FIXED-LENGTH DATA ELEMENTS--GENERAL INFORMATION | |
| fixed length control field | 920512r19901867ii b 001 0 eng d |
| 020 ## - INTERNATIONAL STANDARD BOOK NUMBER | |
| International Standard Book Number | - |
| 040 ## - CATALOGING SOURCE | |
| Transcribing agency | LIBRARY |
| 082 ## - DEWEY DECIMAL CLASSIFICATION NUMBER | |
| Classification number | 954 ELL |
| 100 1# - MAIN ENTRY--PERSONAL NAME | |
| Personal name | Elliot, H. M. |
| Fuller form of name | (Henry Miers), |
| Titles and words associated with a name | Sir, |
| 245 14 - TITLE STATEMENT | |
| Title | The history of India, as told by its own historians :Vol.VIII |
| Statement of responsibility, etc. | Elliot, S. H. M. |
| 260 ## - PUBLICATION, DISTRIBUTION, ETC. | |
| Date of publication, distribution, etc. | c. 1976 |
| 534 ## - ORIGINAL VERSION NOTE | |
| Introductory phrase | PNECReprint. Originally published : |
| Publication, distribution, etc. of original | London : Trübner, 1867-77. |
| 650 ## - SUBJECT ADDED ENTRY--TOPICAL TERM | |
| 9 (RLIN) | 13581 |
| Topical term or geographic name entry element | India |
| General subdivision | General books |
| 651 #0 - SUBJECT ADDED ENTRY--GEOGRAPHIC NAME | |
| Geographic name | India |
| General subdivision | History |
| Chronological subdivision | 1000-1526. |
| 651 #0 - SUBJECT ADDED ENTRY--GEOGRAPHIC NAME | |
| Geographic name | India |
| General subdivision | History |
| Chronological subdivision | 1526-1765. |
| 700 1# - ADDED ENTRY--PERSONAL NAME | |
| Personal name | Dowson, John, |
| Dates associated with a name | 1820-1881. |
| 942 ## - ADDED ENTRY ELEMENTS (KOHA) | |
| Source of classification or shelving scheme | |
| Koha item type | Book |
| Withdrawn status | Lost status | Source of classification or shelving scheme | Damaged status | Not for loan | Permanent Location | Current Location | Shelving location | Date acquired | Total Checkouts | Full call number | Barcode | Date last seen | Price effective from | Koha item type |
|---|---|---|---|---|---|---|---|---|---|---|---|---|---|---|
| Pakistan Navy Engineering College (PNEC) | Pakistan Navy Engineering College (PNEC) | 954 ELL | PNECLIB-006142 | 11/12/2015 | Book | |||||||||
| Pakistan Navy Engineering College (PNEC) | Pakistan Navy Engineering College (PNEC) | 11/16/2015 | 954 ELL | PNECLIB-006137 | 11/16/2015 | Book |
